Sports Quiz

Random Sports or NHL Quiz

NHL Leaders (2008-09) Quiz Stats

 Plays Quiz Updated Aug 14, 2019

Score 0/16 Timer 05:00
0 Plays Today
Category Leader % Correct
GoalsAlex Ovechkin
94.9%
AssistsEvgeni Malkin
82.1%
PointsEvgeni Malkin
82.1%
Goals Against AverageTim Thomas
49.3%
Save PercentageTim Thomas
49.3%
ShutoutsSteve Mason
29.2%
Goalie WinsMiikka Kiprusoff
22.4%
SavesMiikka Kiprusoff
22.4%
Category Leader % Correct
Penalty MinutesDaniel Carcillo
15%
HitsCal Clutterbuck
12%
Faceoff %Rod Brind'Amour
11.3%
Game Winning GoalsJeff Carter
10.7%
+/- RatingDavid Krejci
8.8%
Time On IceJay Bouwmeester
6.9%
Shootout GoalsWojtek Wolski
4.3%
Faceoffs WonShawn Horcoff
3.2%

You're not logged in!

Compare scores with friends on all Sporcle quizzes.
OR
Log In

Sporcle TV

Today on Sporcle TV


Watch our educational content, quiz creation guides, and fun videos on Sporcle TV.

Show Comments

Extras

Top Quizzes Today


Score Distribution

Your Account Isn't Verified!

In order to create a playlist on Sporcle, you need to verify the email address you used during registration. Go to your Sporcle Settings to finish the process.

Report this User

Report this user for behavior that violates our Community Guidelines.

Details: